3-Word Rhyming Answers - Statistics

General Stats
  • This quiz has been taken 543 times
  • The average score is 10 of 20
Answer Stats
Hint Answer % Correct
Frighten uncommon female horse Scare rare mare
92%
Detest an unpunctual prom partner Hate late date
87%
Cook a counterfeit gateau Bake fake cake
85%
Consume a sugary indulgence Eat sweet treat
84%
Sprint, entertaining habit-wearer! Run, fun nun!
75%
Battle a non-black chess piece Fight white knight
63%
Quaff the rosy squid's liquid Drink pink ink
55%
Acquire a plane for animal doctors Get vet jet
54%
Look for a Hellenic stream Seek Greek creek
52%
Arrive at every sandy stretch Reach each beach
47%
The bashful man who's mine My shy guy
45%
Get rid of the wealthy sorceress Ditch rich witch
44%
Rescue the valiant Spartacus Save brave slave
41%
Fetch wedding band for Louis XVI Bring king ring
40%
Don't sell inexpensive Merinos Keep cheap sheep
38%
Touch the metal bicycle part Feel steel wheel
35%
Smooch unwed Helvetian woman Kiss Swiss miss
31%
Hit a chunky baton with your foot Kick thick stick
25%
Sniff beautiful girl from Hades Smell Hell belle
24%
All of them might say the Rosary They may pray
16%
No matching quizzes found
Score Distribution
Percent of People with Each Score
Percentile by Number Answered
Your Score History
You have not taken this quiz